| 000 | 00640nam a22001691 4500 | ||
|---|---|---|---|
| 082 | 0 | 0 |
_a537 _bHUT _cL-6,P-1 |
| 100 | 1 |
_aHutchinson, Robert W. _939894 |
|
| 245 | 1 | 0 |
_aIntermediate electricity, _cby Robert W. Hutchinson ... |
| 260 |
_aLondon, _bUniversity tutorial press ld. _c[1941] |
||
| 300 |
_aviii, 628 p. incl. front., illus. (incl. ports.) diagrs. _c22 cm. |
||
| 500 | _a"The present book ... is intended to replace Intermediate textbook of electricity and magnetism."--Pref. | ||
| 526 |
_a0 _b0 _c0 _d537_000000000000000_HUT |
||
| 650 | 0 |
_aElectricity. _939895 |
|
| 650 | 0 |
_aMagnetism. _939896 |
|
| 650 | 0 |
_aMCE _9379 |
|
| 942 |
_2ddc _cBK |
||
| 999 |
_c544415 _d544415 |
||